[Event "FRA-chT"]
[Site "FRA"]
[Date "1996.??.??"]
[Round "?"]
[White "Nemety, Laslo"]
[Black "Heurtebize, Olivier"]
[Result "1/2-1/2"]
[WhiteElo "2170"]
[BlackElo "2185"]
[PlyCount "100"]
[EventDate "1996.??.??"]
[Source "ChessBase"]

1. d4 d5 2. e3 Nf6 3. Ne2 e6 4. g3 Nbd7 5. Bg2 b6 6. c4 Bb7 7. Nbc3 c6 8. b3
Be7 9. O-O O-O 10. Bb2 Rc8 11. Re1 Qc7 12. Nf4 Rfd8 13. Rc1 Qb8 14. Qe2 Qa8 15.
Rcd1 Nf8 16. e4 dxe4 17. Nxe4 Nxe4 18. Qxe4 Bg5 19. Nh5 Ng6 20. f4 Be7 21. f5
exf5 22. Qxf5 Bf8 23. Re4 Rc7 24. Rde1 a5 25. Qf2 a4 26. Qc2 axb3 27. Qxb3 Qa5
28. g4 b5 29. c5 Bc8 30. Bc3 Qa6 31. Qb2 Ra7 32. Ra1 Qa3 33. Qxa3 Rxa3 34. Bb2
Ra4 35. a3 Be6 36. Nf4 Nxf4 37. Rxf4 Bd5 38. Raf1 f6 39. Bxd5+ Rxd5 40. Kg2 Kf7
41. R4f3 Rc4 42. R1f2 h5 43. h3 Be7 44. Re2 hxg4 45. hxg4 Bd8 46. Rfe3 Ba5 47.
Kf3 Kg6 48. Rb3 Kf7 49. Rbe3 Kg6 50. Rb3 Kf7 1/2-1/2

[Event "FRA-chT"]
[Site "FRA"]
[Date "1996.??.??"]
[Round "?"]
[White "Nemety, Laslo"]
[Black "Relange, Eloi"]
[Result "0-1"]
[WhiteElo "2170"]
[BlackElo "2450"]
[PlyCount "72"]
[EventDate "1996.??.??"]
[Source "ChessBase"]

1. e3 g6 2. Ne2 Bg7 3. d4 Nf6 4. c4 O-O 5. Nbc3 c5 6. d5 d6 7. Nf4 Na6 8. Be2
Nc7 9. O-O a6 10. a4 b6 11. f3 Rb8 12. Rb1 Bd7 13. b4 cxb4 14. Rxb4 Nh5 15. Bd2
Nxf4 16. exf4 Qe8 17. Kh1 b5 18. cxb5 axb5 19. a5 Ra8 20. Qb3 Rxa5 21. Rb1 Na6
22. Nxb5 Nxb4 23. Qxb4 Ra1 24. Rxa1 Bxa1 25. Qa5 Qa8 26. Nc7 Qxa5 27. Bxa5 Rb8
28. h4 Bd4 29. Kh2 Be3 30. Kg3 Rb2 31. Bd3 Bf2+ 32. Kh2 Bxh4 33. Bf1 Bf2 34.
Na6 Bb5 35. Bxb5 Rxb5 36. Bd2 Rxd5 0-1

[Event "FRA-chT"]
[Site "FRA"]
[Date "1996.??.??"]
[Round "?"]
[White "Nuvolini, Dominique"]
[Black "Gilles, Raphael"]
[Result "1-0"]
[WhiteElo "2210"]
[BlackElo "2260"]
[PlyCount "61"]
[EventDate "1996.??.??"]
[Source "ChessBase"]

1. d4 d5 2. Nf3 c6 3. e3 e6 4. Ne5 Nf6 5. Bd3 Nbd7 6. f4 Bd6 7. Qf3 c5 8. c3 b6
9. O-O Bb7 10. Nd2 Qe7 11. Rf2 h5 12. a4 Ng4 13. Nxg4 hxg4 14. Qxg4 O-O-O 15.
g3 f5 16. Qd1 g5 17. a5 Nf6 18. axb6 axb6 19. Nf3 gxf4 20. exf4 Ne4 21. Bxe4
dxe4 22. Ng5 e5 23. fxe5 Bxe5 24. Be3 f4 25. Qg4+ Kb8 26. Rxf4 cxd4 27. Rf7 Qc5
28. Ne6 Qc8 29. Nxd8 Qxd8 30. Rxb7+ Kxb7 31. Qxe4+ 1-0

[Event "FRA-chT"]
[Site "FRA"]
[Date "1996.??.??"]
[Round "?"]
[White "Nuvolini, Dominique"]
[Black "Huguet, Bernard"]
[Result "1/2-1/2"]
[WhiteElo "2210"]
[BlackElo "2185"]
[PlyCount "31"]
[EventDate "1996.??.??"]
[Source "ChessBase"]

1. d4 c5 2. e3 cxd4 3. exd4 d5 4. Nf3 Nc6 5. c4 e6 6. Nc3 Nf6 7. Bd3 dxc4 8.
Bxc4 Be7 9. O-O O-O 10. Bf4 a6 11. Rc1 b5 12. Bd3 Bb7 13. Re1 Rc8 14. Bb1 Qd7
15. Ne5 Nxe5 16. Bxe5 1/2-1/2

[Event "FRA-chT"]
[Site "FRA"]
[Date "1996.??.??"]
[Round "?"]
[White "Okhotnik, Vladimir"]
[Black "Bernard, Christophe"]
[Result "1-0"]
[WhiteElo "2415"]
[BlackElo "2370"]
[PlyCount "67"]
[EventDate "1996.??.??"]
[Source "ChessBase"]

1. e4 c5 2. c3 d6 3. d4 Nf6 4. Bd3 g6 5. dxc5 dxc5 6. e5 Nfd7 7. Nf3 e6 8. O-O
Bg7 9. Bf4 O-O 10. Qe2 Nc6 11. Bb5 Qc7 12. Re1 a6 13. Bxc6 Qxc6 14. Nbd2 b5 15.
Ne4 Bb7 16. Qd2 Rad8 17. Rad1 Qb6 18. Qc1 Bxe4 19. Rxe4 Qc6 20. Rde1 Rde8 21.
Bh6 f5 22. exf6 Nxf6 23. Rh4 Bxh6 24. Qxh6 Re7 25. h3 Qd7 26. Qg5 Qd5 27. Ne5
Ree8 28. Re3 Nh5 29. Rd3 Qxa2 30. Nxg6 Rf5 31. Ne7+ Kf8 32. Nxf5 Qb1+ 33. Kh2
Qxd3 34. Qh6+ 1-0

[Event "FRA-chT"]
[Site "FRA"]
[Date "1996.??.??"]
[Round "?"]
[White "Okhotnik, Vladimir"]
[Black "Roos, Daniel"]
[Result "1-0"]
[WhiteElo "2415"]
[BlackElo "2420"]
[PlyCount "55"]
[EventDate "1996.??.??"]
[Source "ChessBase"]

1. e4 c6 2. d4 d5 3. e5 Bf5 4. h4 h5 5. c4 e6 6. Bg5 Qb6 7. Qd2 dxc4 8. Nc3 Ne7
9. Bxc4 Nd7 10. O-O-O Qa5 11. Qe1 Qc7 12. Nge2 Nd5 13. Ng3 g6 14. Bxd5 cxd5 15.
Nxf5 gxf5 16. Kb1 Qb6 17. Rc1 Be7 18. Qe3 Rg8 19. Ne2 Qa5 20. Nf4 Bxg5 21. hxg5
Ke7 22. Nxh5 Kd8 23. Nf4 Rc8 24. g6 Rxc1+ 25. Rxc1 fxg6 26. Nxe6+ Ke7 27. Nc7
g5 28. Qf3 1-0

[Event "FRA-chT"]
[Site "FRA"]
[Date "1996.??.??"]
[Round "?"]
[White "Okhotnik, Vladimir"]
[Black "Tkachiev, Vladislav"]
[Result "1/2-1/2"]
[WhiteElo "2415"]
[BlackElo "2620"]
[PlyCount "90"]
[EventDate "1996.??.??"]
[Source "ChessBase"]

1. e4 g6 2. d4 Bg7 3. Nf3 d6 4. Nc3 Nf6 5. Be2 O-O 6. O-O c6 7. Re1 Nbd7 8. e5
dxe5 9. dxe5 Ng4 10. e6 fxe6 11. h3 Nge5 12. Nxe5 Nxe5 13. Qxd8 Rxd8 14. Bf4
Nf7 15. Bg3 Rd4 16. Nd1 e5 17. c3 Rd2 18. Bc4 Kf8 19. a4 Bf5 20. Bxf7 Kxf7 21.
Bxe5 Bxe5 22. Rxe5 Kf6 23. f4 e6 24. g4 Bc2 25. Nf2 Rf8 26. Rae1 Kg7 27. Rxe6
Rxf4 28. Re7+ Rf7 29. Rxf7+ Kxf7 30. a5 g5 31. b4 h6 32. Re3 Bb1 33. Kf1 Rd5
34. Ke2 c5 35. c4 Rd4 36. bxc5 Ba2 37. Ne4 Bxc4+ 38. Ke1 Bd5 39. Nd6+ Kf6 40.
a6 bxa6 41. Ra3 Ke5 42. Rxa6 Rd3 43. Nf5 Rxh3 44. Nxh6 Be6 45. Nf5 Bxf5 1/2-1/2

[Event "FRA-chT"]
[Site "FRA"]
[Date "1996.??.??"]
[Round "?"]
[White "Olivier, Pierre"]
[Black "Amalric, Yves"]
[Result "1-0"]
[WhiteElo "2245"]
[BlackElo "2195"]
[PlyCount "111"]
[EventDate "1996.??.??"]
[Source "ChessBase"]

1. e4 d5 2. exd5 Qxd5 3. Nf3 Nf6 4. Be2 Bg4 5. O-O Nc6 6. d4 Qd7 7. Be3 O-O-O
8. Nbd2 Nd5 9. c4 Nxe3 10. fxe3 e6 11. a3 f6 12. b4 g5 13. Qa4 Kb8 14. b5 Ne7
15. Ne4 Bg7 16. Ne5 fxe5 17. Bxg4 exd4 18. Nc5 Qd6 19. Nxe6 h5 20. c5 Qe5 21.
b6 axb6 22. cxb6 cxb6 23. Bh3 g4 24. Nxd8 Rxd8 25. Rae1 gxh3 26. exd4 Qg5 27.
Qc2 Bxd4+ 28. Kh1 Rg8 29. gxh3 Nc6 30. Qe4 h4 31. Qf4+ Qxf4 32. Rxf4 Bc5 33. a4
Rh8 34. Ree4 Be7 35. Rf7 Bc5 36. Rff4 Be7 37. Rf7 Bd6 38. Rd7 Bc5 39. Rg7 Bd6
40. Rgg4 Be7 41. Rg7 Bc5 42. Reg4 Ka7 43. Rg8 Rh5 44. R4g5 Rxg5 45. Rxg5 Ka6
46. Rh5 Ka5 47. Rxh4 Bd4 48. Rh7 Kxa4 49. Rxb7 b5 50. Kg2 b4 51. Kf3 b3 52. Ke4
Nb4 53. Kxd4 Ka3 54. Kc4 Nc6 55. Rxb3+ Ka2 56. Rg3 1-0

[Event "FRA-chT"]
[Site "FRA"]
[Date "1996.??.??"]
[Round "?"]
[White "Olivier, Pierre"]
[Black "Claverie, Christophe"]
[Result "1/2-1/2"]
[WhiteElo "2245"]
[BlackElo "2250"]
[PlyCount "86"]
[EventDate "1996.??.??"]
[Source "ChessBase"]

1. e4 c5 2. Nf3 Nc6 3. Bb5 g6 4. O-O Bg7 5. Bxc6 dxc6 6. h3 Nf6 7. d3 O-O 8.
Nc3 Ne8 9. Be3 b6 10. a4 a5 11. d4 cxd4 12. Bxd4 Bb7 13. Bxg7 Nxg7 14. Qc1 Ne6
15. Qe3 Qc7 16. Ng5 Nxg5 17. Qxg5 Rad8 18. Rad1 Ba6 19. Rfe1 Rxd1 20. Rxd1 Rd8
21. Rxd8+ Qxd8 22. Qe3 e5 23. g3 Kg7 24. h4 h6 25. f3 Qd4 26. Qxd4 exd4 27. Nb1
Kf6 28. f4 Ke6 29. Kf2 Kd6 30. Nd2 c5 31. b3 b5 32. axb5 Bxb5 33. Ke1 a4 34.
bxa4 Bxa4 35. Nc4+ Ke6 36. Kd2 Bb5 37. Na3 Bf1 38. c3 f5 39. cxd4 cxd4 40. Nc2
fxe4 41. Nxd4+ Kd6 42. Ke3 Bg2 43. g4 g5 1/2-1/2

[Event "FRA-chT"]
[Site "FRA"]
[Date "1996.??.??"]
[Round "?"]
[White "Olivier, Pierre"]
[Black "Roos, Louis"]
[Result "1-0"]
[WhiteElo "2245"]
[BlackElo "2375"]
[PlyCount "123"]
[EventDate "1996.??.??"]
[Source "ChessBase"]

1. e4 c5 2. Nf3 e6 3. d3 Nc6 4. g3 d5 5. Nbd2 Bd6 6. Bg2 Nge7 7. O-O b6 8. Re1
O-O 9. a3 a5 10. exd5 exd5 11. d4 h6 12. c4 Be6 13. cxd5 Bxd5 14. dxc5 Bxc5 15.
Nb3 Bxb3 16. Qxb3 Nf5 17. Bd2 Ra7 18. Bc3 Re8 19. Qb5 Rxe1+ 20. Rxe1 Rc7 21.
Qa4 Qf8 22. Nh4 Nfe7 23. Qg4 Nd8 24. Be5 Ra7 25. b4 axb4 26. axb4 Ra4 27. Bxg7
Qxg7 28. Qxg7+ Kxg7 29. bxc5 Nec6 30. cxb6 Rb4 31. Nf5+ Kg6 32. Ne7+ Nxe7 33.
Rxe7 Rxb6 34. Bf3 Ne6 35. Kg2 Rb5 36. h4 Kg7 37. Be4 Rc5 38. Bf3 Kf6 39. Ra7
Ng7 40. Ra6+ Ne6 41. Bg4 Rc2 42. Bxe6 fxe6 43. g4 Rc7 44. Kg3 Kf7 45. h5 Rb7
46. Kh4 Rc7 47. Ra4 Rb7 48. Ra3 Kg7 49. Ra4 Kf7 50. f3 Kg7 51. Ra5 Kf6 52. f4
Rb4 53. Kg3 Rb3+ 54. Kh4 Rb4 55. Ra7 Rxf4 56. Rh7 Ke5 57. Rxh6 Rf8 58. Rg6 Rh8
59. Rg7 Kf4 60. g5 e5 61. h6 e4 62. h7 1-0

[Event "FRA-chT"]
[Site "FRA"]
[Date "1996.??.??"]
[Round "?"]
[White "Olivier, Pierre"]
[Black "Vaugeois, Stephane"]
[Result "1/2-1/2"]
[WhiteElo "2245"]
[BlackElo "2160"]
[PlyCount "102"]
[EventDate "1996.??.??"]
[Source "ChessBase"]

1. d4 Nf6 2. Nf3 g6 3. c4 Bg7 4. Nc3 d5 5. e3 O-O 6. b4 a5 7. b5 c5 8. bxc6
Nxc6 9. Ba3 Re8 10. Rc1 a4 11. Be2 Qa5 12. O-O dxc4 13. Bxc4 Bg4 14. h3 Bxf3
15. Qxf3 e6 16. Nb5 Red8 17. Rfd1 Nd5 18. Nd6 Qc7 19. Bxd5 exd5 20. Nb5 Qd7 21.
Rb1 Na5 22. Bc5 Nc4 23. Qg4 f5 24. Qh4 b6 25. Be7 Re8 26. Bf6 Re4 27. Qg5 Kf7
28. Bxg7 Kxg7 29. Qg3 Rf8 30. Qc7 Rf7 31. Qxd7 Rxd7 32. Rdc1 Re6 33. Rb4 a3 34.
g3 g5 35. Nc3 f4 36. e4 fxg3 37. fxg3 Nb2 38. exd5 Re3 39. Rxb6 Rxg3+ 40. Kf2
Rxc3 41. Rxc3 Na4 42. Rbc6 Nxc3 43. Rxc3 Rxd5 44. Rd3 Kf6 45. Kg3 Kf5 46. Kf3
h5 47. Ke3 g4 48. hxg4+ hxg4 49. Rxa3 g3 50. Ra8 g2 51. Rf8+ Kg4 1/2-1/2

[Event "FRA-chT"]
[Site "FRA"]
[Date "1996.??.??"]
[Round "?"]
[White "Parmentier, Xavier"]
[Black "Delebarre, Xavier"]
[Result "1-0"]
[WhiteElo "2265"]
[BlackElo "2260"]
[PlyCount "93"]
[EventDate "1996.??.??"]
[Source "ChessBase"]

1. e4 c5 2. Nf3 g6 3. d4 Bg7 4. Nc3 Nf6 5. d5 d6 6. Be2 O-O 7. O-O Na6 8. Re1
Nc7 9. Bf1 a6 10. a4 Rb8 11. a5 Kh8 12. h3 b5 13. axb6 Rxb6 14. Na4 Rb4 15. Nd2
e6 16. c3 Rb8 17. dxe6 Bxe6 18. Nc4 Nb5 19. e5 dxe5 20. Qxd8 Rfxd8 21. Nxe5
Rdc8 22. Bc4 Bxc4 23. Nxc4 Nd5 24. Rd1 Rd8 25. Na5 Ndxc3 26. Rxd8+ Rxd8 27.
bxc3 Nxc3 28. Bb2 Nxa4 29. Bxg7+ Kxg7 30. Rxa4 Rd1+ 31. Kh2 Rd2 32. Kg3 Rd3+
33. Kf4 f5 34. Rc4 Kf6 35. f3 Rd4+ 36. Ke3 f4+ 37. Ke2 Ke5 38. Rxc5+ Kf6 39.
Rc6+ Kg5 40. Rxa6 Ra4 41. Ra7 Ra2+ 42. Kf1 Kh4 43. Nc6 Rd2 44. Rxh7+ Kg3 45.
Rg7 Rf2+ 46. Ke1 Rxg2 47. Rxg6+ 1-0

[Event "FRA-chT"]
[Site "FRA"]
[Date "1996.??.??"]
[Round "?"]
[White "Payen, Arnaud"]
[Black "Bernard, Christophe"]
[Result "1-0"]
[WhiteElo "2280"]
[BlackElo "2370"]
[PlyCount "99"]
[EventDate "1996.??.??"]
[Source "ChessBase"]

1. e4 g6 2. d4 Bg7 3. Nc3 d6 4. Be3 c6 5. a4 Nf6 6. h3 O-O 7. g4 Qa5 8. Qd2 e5
9. Bg2 exd4 10. Bxd4 Nbd7 11. Nge2 Re8 12. O-O h5 13. g5 Nh7 14. Bxg7 Kxg7 15.
f4 d5 16. exd5 cxd5 17. Qxd5 Qxd5 18. Bxd5 Nb6 19. Bg2 Nc4 20. Nd4 Ne3 21. Rfe1
Bd7 22. Kf2 Nxg2 23. Kxg2 Nf8 24. Ncb5 Red8 25. Rad1 a6 26. Nc3 Rac8 27. Re5
Rc4 28. Kg3 Re8 29. Rxe8 Bxe8 30. Rd3 Bd7 31. b3 Rc5 32. Ne4 Rc8 33. Nd6 Rc7
34. a5 Ne6 35. Nxe6+ fxe6 36. c4 Kf8 37. b4 Ke7 38. c5 Bc6 39. h4 Ba4 40. Kf3
Bc2 41. Rd2 Bb3 42. Ke4 Ba4 43. Ke5 Bc6 44. Nc4 Bf3 45. Rd6 Bg4 46. Ne3 Kf7 47.
Nxg4 hxg4 48. Ke4 Ke7 49. Ke3 Rc8 50. Kf2 1-0

[Event "FRA-chT"]
[Site "FRA"]
[Date "1996.??.??"]
[Round "?"]
[White "Payen, Arnaud"]
[Black "Miralles, Gilles"]
[Result "0-1"]
[WhiteElo "2280"]
[BlackElo "2480"]
[PlyCount "70"]
[EventDate "1996.??.??"]
[Source "ChessBase"]

1. e4 e5 2. Nf3 Nc6 3. Bb5 a6 4. Ba4 Nf6 5. O-O Be7 6. Re1 b5 7. Bb3 d6 8. c3
O-O 9. h3 Nd7 10. d4 Bf6 11. a4 Bb7 12. Na3 exd4 13. cxd4 Re8 14. Qd2 Qb8 15.
Rb1 Qa7 16. d5 Nd4 17. Nxd4 Bxd4 18. axb5 Nf6 19. bxa6 Bxa6 20. Qc2 Rab8 21.
Bg5 Bxf2+ 22. Qxf2 Qxf2+ 23. Kxf2 Rxb3 24. Bxf6 gxf6 25. Re3 Rxe3 26. Kxe3 f5
27. Rc1 Rxe4+ 28. Kf3 Bb7 29. Rxc7 Bxd5 30. Kf2 Rb4 31. Rc2 Be4 32. Rd2 d5 33.
Ke3 Kg7 34. Rf2 Kf6 35. Nc2 Rb3+ 0-1

[Event "FRA-chT"]
[Site "FRA"]
[Date "1996.??.??"]
[Round "?"]
[White "Payen, Arnaud"]
[Black "Sellos, Didier"]
[Result "0-1"]
[WhiteElo "2280"]
[BlackElo "2445"]
[PlyCount "108"]
[EventDate "1996.??.??"]
[Source "ChessBase"]

1. e4 c5 2. Nf3 e6 3. d4 cxd4 4. Nxd4 a6 5. Bd3 d6 6. O-O g6 7. b3 Bg7 8. Bb2
Nf6 9. c4 O-O 10. Nc3 b6 11. Qe2 Bb7 12. Rac1 Nbd7 13. Rfd1 Qb8 14. Bb1 Rd8 15.
Qe3 Ne8 16. Rd2 Qc7 17. Rcd1 Ndf6 18. h3 Rac8 19. Nf3 Ba8 20. Na4 Nd7 21. Bxg7
Kxg7 22. Nh2 b5 23. Nb2 h5 24. Bd3 Nef6 25. f3 Qb8 26. Be2 Ne5 27. Nf1 Nc6 28.
Qf4 Ne5 29. Qe3 bxc4 30. Nxc4 Nxc4 31. Bxc4 Bb7 32. Qb6 Rc6 33. Qd4 Rdc8 34.
Ne3 Qc7 35. Kf2 Qe7 36. Qb2 R8c7 37. g4 Kg8 38. g5 Nd7 39. h4 Rb6 40. Qd4 Rc5
41. Bf1 d5 42. e5 a5 43. Nc2 Qd8 44. Bd3 Qc7 45. Re1 Ba6 46. Bxa6 Rxc2 47. Be2
Rb4 48. Rxc2 Qxc2 49. Qa7 Nxe5 50. Qxa5 Rxh4 51. Kg3 Nxf3 52. Qd8+ Kh7 53. Qf6
Rg4+ 54. Kf2 Nxg5 0-1

[Event "FRA-chT"]
[Site "FRA"]
[Date "1996.??.??"]
[Round "?"]
[White "Payen, Arnaud"]
[Black "Yedidia, Jonathan"]
[Result "0-1"]
[WhiteElo "2280"]
[BlackElo "2445"]
[PlyCount "90"]
[EventDate "1996.??.??"]
[Source "ChessBase"]

1. e4 e6 2. d4 d5 3. Nd2 Nf6 4. e5 Nfd7 5. f4 c5 6. c3 Nc6 7. Ngf3 a5 8. a4
cxd4 9. Nxd4 Nxd4 10. cxd4 f5 11. Bd3 Bb4 12. O-O O-O 13. Nb3 b6 14. Qe2 Nb8
15. Be3 Rf7 16. Bb5 Raa7 17. Rfc1 Rfc7 18. g3 Bf8 19. Rxc7 Rxc7 20. Rc1 Bd7 21.
Kf2 Qc8 22. Rxc7 Qxc7 23. Nc1 Nc6 24. Qc2 Qc8 25. h3 Qb7 26. g4 Nb4 27. Qe2
Bxb5 28. Qxb5 Qc6 29. Qxc6 Nxc6 30. gxf5 exf5 31. Na2 Bb4 32. Ke2 Kf7 33. Nc3
Ke6 34. Nb5 Kd7 35. Nc3 Ne7 36. Kd3 Kc6 37. Bf2 Bxc3 38. Kxc3 Ng6 39. Bg3 Nf8
40. b4 axb4+ 41. Kxb4 Ne6 42. a5 bxa5+ 43. Kxa5 Nxd4 44. Kb4 Ne2 45. Bh2 g5 0-1

[Event "FRA-chT"]
[Site "FRA"]
[Date "1996.??.??"]
[Round "?"]
[White "Piankov, Evgenij"]
[Black "Berend, Fred"]
[Result "0-1"]
[WhiteElo "2415"]
[BlackElo "2425"]
[PlyCount "142"]
[EventDate "1996.??.??"]
[Source "ChessBase"]

1. d4 Nf6 2. Nf3 d6 3. Bg5 Nbd7 4. e3 h6 5. Bh4 g5 6. Bg3 Nh5 7. Be2 Bg7 8.
Nbd2 Ndf6 9. c3 Bf5 10. Nf1 Ne4 11. N3d2 Nhxg3 12. Nxg3 Nxg3 13. hxg3 c6 14.
Bg4 Bh7 15. Qb3 Qb6 16. Nc4 Qc7 17. f4 Be4 18. Bf3 Bxf3 19. gxf3 gxf4 20. gxf4
O-O-O 21. O-O-O e6 22. Rh5 b5 23. Nd2 d5 24. Qc2 c5 25. Rg1 Rdg8 26. Rhh1 cxd4
27. cxd4 Bf8 28. Kb1 Qxc2+ 29. Kxc2 Rxg1 30. Rxg1 h5 31. Kd3 Kd7 32. Nf1 Bd6
33. Rg5 Be7 34. Rg7 Ke8 35. Rg2 h4 36. e4 Kd7 37. Ne3 h3 38. Rh2 Bd6 39. e5 Bb4
40. Rh1 Ba5 41. Ng4 Bb6 42. Ne3 Ke7 43. Ng4 b4 44. Rh2 a5 45. Nf2 Rc8 46. Nxh3
Rc4 47. Rc2 Rxd4+ 48. Ke2 Rc4 49. Rxc4 dxc4 50. Ng5 a4 51. Ne4 Bd4 52. Nd2 Bxb2
53. Nxc4 Bc1 54. Kd1 Bxf4 55. Kc2 Kd7 56. Nb2 Bxe5 57. Nxa4 Kc6 58. Kb3 Kb5 59.
a3 bxa3 60. Kxa3 Kc4 61. Nb6+ Kd3 62. Kb4 Ke2 63. Nd7 Bg3 64. Kc4 Kxf3 65. Nf6
Bh4 66. Nd7 Ke4 67. Kc3 Ke3 68. Kc2 f5 69. Kd1 f4 70. Ne5 f3 71. Nc4+ Kf4 0-1

[Event "FRA-chT"]
[Site "FRA"]
[Date "1996.??.??"]
[Round "?"]
[White "Piankov, Evgenij"]
[Black "Georgiev, Krum"]
[Result "1/2-1/2"]
[WhiteElo "2415"]
[BlackElo "2515"]
[PlyCount "132"]
[EventDate "1996.??.??"]
[Source "ChessBase"]

1. d4 Nf6 2. Nf3 g6 3. g3 Bg7 4. Bg2 O-O 5. O-O d6 6. c4 c6 7. Nc3 a6 8. a4 a5
9. b3 e5 10. dxe5 dxe5 11. Ba3 Qxd1 12. Raxd1 Re8 13. Ng5 Bf5 14. Nge4 Nxe4 15.
Nxe4 Bxe4 16. Bxe4 Bf8 17. Bb2 Na6 18. Bc2 Bb4 19. Bc1 Nc5 20. Be3 Ne6 21. Rd7
Re7 22. Rfd1 Kf8 23. Kg2 Ke8 24. Rxe7+ Kxe7 25. f4 Bc5 26. Bxc5+ Nxc5 27. Kf3
Ra6 28. fxe5 Rb6 29. Kf4 Rb4 30. Rb1 b5 31. axb5 cxb5 32. Ke3 bxc4 33. bxc4
Rxc4 34. Bd3 Rb4 35. Rc1 Nd7 36. Rc7 Kd8 37. Ra7 Nxe5 38. h3 a4 39. Bc2 a3 40.
Kd2 Rb5 41. Kc3 Rc5+ 42. Kb3 Nc6 43. Ra8+ Ke7 44. Bd3 Rg5 45. g4 h5 46. Ra4
hxg4 47. hxg4 Ne5 48. Kxa3 Nxd3 49. exd3 Rd5 50. d4 Rg5 51. Kb4 Rxg4 52. Kc5
Rg1 53. Ra6 Rc1+ 54. Kd5 Re1 55. Kc5 g5 56. d5 g4 57. Ra8 Rd1 58. Ra7+ Kf6 59.
Ra2 Ke5 60. Re2+ Kf4 61. Rf2+ Ke4 62. Re2+ Kf3 63. Re5 f6 64. Re6 f5 65. d6 g3
66. Rf6 f4 1/2-1/2

[Event "FRA-chT"]
[Site "FRA"]
[Date "1996.??.??"]
[Round "?"]
[White "Pira, Davoud"]
[Black "Prie, Eric"]
[Result "0-1"]
[WhiteElo "2330"]
[BlackElo "2480"]
[PlyCount "94"]
[EventDate "1996.??.??"]
[Source "ChessBase"]

1. d4 d5 2. Nf3 Nf6 3. c4 c6 4. e3 Bf5 5. Bd3 Bxd3 6. Qxd3 e6 7. O-O Nbd7 8.
Nbd2 Be7 9. b3 O-O 10. Bb2 Re8 11. Rfd1 a5 12. Rac1 a4 13. Bc3 axb3 14. axb3
Qb6 15. Ra1 Reb8 16. h3 Qd8 17. Ne1 Rxa1 18. Rxa1 Ra8 19. Qb1 Ne8 20. Ra2 Nc7
21. Nd3 Rxa2 22. Qxa2 Na6 23. Qa4 h6 24. Ba5 Qc8 25. c5 e5 26. b4 Bf6 27. Nb3
exd4 28. exd4 Nf8 29. b5 Nb8 30. bxc6 Nxc6 31. Ne1 Qa8 32. Qb5 Nxd4 33. Nxd4
Bxd4 34. Nf3 Ne6 35. Nxd4 Nxd4 36. Qb6 Ne6 37. g3 Qc8 38. Bb4 Qc6 39. Qa5 d4
40. Qa8+ Kh7 41. Qa2 Qf3 42. Qc4 d3 43. h4 g5 44. h5 g4 45. Bc3 Ng5 46. Qd4
Nh3+ 47. Kh2 Qxf2+ 0-1

[Event "FRA-chT"]
[Site "FRA"]
[Date "1996.??.??"]
[Round "?"]
[White "Pira, Davoud"]
[Black "Rotstein, Arkadij"]
[Result "0-1"]
[WhiteElo "2330"]
[BlackElo "2475"]
[PlyCount "102"]
[EventDate "1996.??.??"]
[Source "ChessBase"]

1. d4 Nf6 2. Nf3 d6 3. Nc3 Bg4 4. e4 e6 5. h3 Bh5 6. Bg5 Be7 7. Qe2 O-O 8. Bxf6
Bxf6 9. g4 Bg6 10. h4 h5 11. O-O-O hxg4 12. Nh2 Bh5 13. Nxg4 g6 14. e5 Bg7 15.
Ne4 Nd7 16. Ng3 Bxg4 17. Qxg4 dxe5 18. h5 Nf6 19. Qh3 Bh6+ 20. Kb1 g5 21. Bc4
exd4 22. Qg2 b5 23. Bxb5 Rb8 24. Bc4 Rb4 25. Bb3 c5 26. c3 Rb6 27. cxd4 cxd4
28. Rhg1 Qd6 29. Ne4 Nxe4 30. Qxe4 f5 31. Qxd4 Qxd4 32. Rxd4 Kg7 33. Rd7+ Rf7
34. Rgd1 g4 35. Rxf7+ Kxf7 36. Rd7+ Kf6 37. Rxa7 Rd6 38. a4 f4 39. Rc7 g3 40.
fxg3 fxg3 41. Rc2 Rd2 42. Rc6 g2 43. Rxe6+ Kf5 44. Re1 Be3 45. h6 Kg6 46. Bc2+
Kxh6 47. b4 Rd4 48. b5 Rb4+ 49. Ka2 g1=Q 50. Rxg1 Bxg1 51. Bb3 Bb6 0-1

[Event "FRA-chT"]
[Site "FRA"]
[Date "1996.??.??"]
[Round "?"]
[White "Prie, Eric"]
[Black "Jaulin, Marc"]
[Result "1-0"]
[WhiteElo "2480"]
[BlackElo "2150"]
[PlyCount "29"]
[EventDate "1996.??.??"]
[Source "ChessBase"]

1. e4 c5 2. Nf3 d6 3. d4 Nf6 4. Bb5+ Nbd7 5. e5 Qa5+ 6. Nc3 Ne4 7. Bd2 Nxd2 8.
Qxd2 a6 9. Bxd7+ Bxd7 10. exd6 cxd4 11. Qxd4 exd6 12. Qe4+ Be7 13. Qxb7 Rc8 14.
O-O Bc6 15. Qxc8+ 1-0

[Event "FRA-chT"]
[Site "FRA"]
[Date "1996.??.??"]
[Round "?"]
[White "Prie, Eric"]
[Black "Kallai, Gabor"]
[Result "0-1"]
[WhiteElo "2480"]
[BlackElo "2500"]
[PlyCount "50"]
[EventDate "1996.??.??"]
[Source "ChessBase"]

1. e4 c6 2. d4 d5 3. e5 Bf5 4. Nf3 e6 5. Be2 Nd7 6. O-O Ne7 7. Nh4 c5 8. c3 Bg6
9. Nd2 Nc6 10. Nxg6 hxg6 11. Nf3 Qc7 12. g3 f6 13. Bd3 O-O-O 14. Bxg6 cxd4 15.
cxd4 fxe5 16. dxe5 Ndxe5 17. Nxe5 Qxe5 18. Bd3 g5 19. Be3 Bb4 20. Rc1 d4 21.
Bd2 Bxd2 22. Qxd2 Kb8 23. Rfe1 Qf6 24. Rc5 Rxh2 25. Rxe6 Qf3 0-1

[Event "FRA-chT"]
[Site "FRA"]
[Date "1996.??.??"]
[Round "?"]
[White "Prie, Eric"]
[Black "Olivier, Pierre"]
[Result "1/2-1/2"]
[WhiteElo "2480"]
[BlackElo "2245"]
[PlyCount "52"]
[EventDate "1996.??.??"]
[Source "ChessBase"]

1. e4 c5 2. Nf3 g6 3. d4 Bg7 4. c4 Qa5+ 5. Bd2 Qb6 6. Bc3 Nf6 7. d5 O-O 8. Bd3
d6 9. h3 e6 10. O-O e5 11. Re1 Nh5 12. Bf1 Bh6 13. Nbd2 a5 14. Rb1 Qd8 15. b3
Nd7 16. a3 b6 17. b4 axb4 18. axb4 Ng7 19. Ra1 Rxa1 20. Qxa1 f5 21. Qa8 Nf6 22.
Qc6 Ngh5 23. exf5 gxf5 24. bxc5 bxc5 25. Nb3 Ne4 26. Bxe5 Bd7 1/2-1/2

[Event "FRA-chT"]
[Site "FRA"]
[Date "1996.??.??"]
[Round "?"]
[White "Prie, Eric"]
[Black "Sarthou, Gaetan"]
[Result "1-0"]
[WhiteElo "2480"]
[BlackElo "2270"]
[PlyCount "51"]
[EventDate "1996.??.??"]
[Source "ChessBase"]

1. e4 e5 2. Nf3 Nf6 3. d4 Nxe4 4. dxe5 d5 5. Nbd2 Be7 6. c4 Be6 7. Nd4 Bc5 8.
Nxe6 fxe6 9. Nxe4 dxe4 10. Qxd8+ Kxd8 11. g3 Nc6 12. Bg2 Nxe5 13. Bxe4 Kc8 14.
Bf4 Ng4 15. O-O Rf8 16. Kg2 e5 17. Bd2 g6 18. Rae1 Bd4 19. f4 Re8 20. Bf3 Nf6
21. fxe5 Rxe5 22. Rxe5 Bxe5 23. Re1 Bxb2 24. Rb1 Bd4 25. Bxb7+ Kb8 26. Bc6+ 1-0

[Event "FRA-chT"]
[Site "FRA"]
[Date "1996.??.??"]
[Round "?"]
[White "Rausis, Igors"]
[Black "Pira, Davoud"]
[Result "1-0"]
[WhiteElo "2495"]
[BlackElo "2330"]
[PlyCount "97"]
[EventDate "1996.??.??"]
[Source "ChessBase"]

1. e4 c5 2. c3 d5 3. exd5 Qxd5 4. d4 Nf6 5. Nf3 Nc6 6. Be2 e6 7. O-O cxd4 8.
Nxd4 Nxd4 9. cxd4 Bd6 10. Nc3 Qf5 11. Bf3 O-O 12. h3 Rd8 13. Re1 Rb8 14. Qa4 a6
15. Qb3 b5 16. Ne4 Nxe4 17. Bxe4 Qh5 18. Be3 Bb7 19. Bxb7 Rxb7 20. Rac1 a5 21.
a4 Bb4 22. Red1 bxa4 23. Qxa4 g6 24. Bf4 Qb5 25. Qxb5 Rxb5 26. Kf1 Bf8 27. Rd2
Bg7 28. Be3 Kf8 29. Rc7 Ke8 30. Ra7 Rd7 31. Ra8+ Rd8 32. Ra7 Rd7 33. Ra8+ Ke7
34. h4 h5 35. g3 Kd6 36. Rc2 Kd5 37. Ke2 Bf6 38. Kf3 Rdb7 39. Rc5+ Rxc5 40.
dxc5 Rb5 41. Ra6 Be5 42. c6 Bc7 43. Bd2 e5 44. Kg2 Bb6 45. Be3 Bxe3 46. c7 Rc5
47. Rxa5 Rxa5 48. c8=Q Bb6 49. Qb7+ 1-0

[Event "FRA-chT"]
[Site "FRA"]
[Date "1996.??.??"]
[Round "?"]
[White "Rausis, Igors"]
[Black "Roos, Daniel"]
[Result "1-0"]
[WhiteElo "2495"]
[BlackElo "2420"]
[PlyCount "133"]
[EventDate "1996.??.??"]
[Source "ChessBase"]

1. e4 c6 2. d4 d5 3. e5 Bf5 4. c3 e6 5. Be3 Nd7 6. Nd2 Ne7 7. f4 Qb6 8. Qb3 Nc8
9. Ngf3 Be7 10. Be2 a5 11. h3 Bg6 12. g4 a4 13. Qxb6 Ncxb6 14. Kf2 f6 15. Kg3
O-O-O 16. Nh4 Bf7 17. Raf1 g6 18. exf6 Nxf6 19. Nhf3 Nbd7 20. Ng5 Bg8 21. Bd3
Bd6 22. Ngf3 Rf8 23. Ne5 Kc7 24. h4 Be7 25. Ndf3 Ne4+ 26. Bxe4 dxe4 27. Nxd7
Kxd7 28. Ne5+ Ke8 29. Re1 Bf7 30. Bf2 h5 31. Rxe4 hxg4 32. Kxg4 g5 33. h5 gxf4
34. Nxf7 Rxf7 35. Rxf4 Rg7+ 36. Kf3 Rgh7 37. Re1 Rxh5 38. Rxe6 Kd7 39. Re5 Rh3+
40. Ke2 R8h7 41. Re3 Rh1 42. d5 cxd5 43. Rd3 a3 44. Rxd5+ Kc6 45. Rd2 axb2 46.
Rxb2 b5 47. a4 bxa4 48. Rb6+ Kd7 49. Rd4+ Ke8 50. Rxa4 R7h6 51. Ra8+ Kf7 52.
Kd3 R1h3+ 53. Kc4 Rxb6 54. Bxb6 Bf6 55. Ba5 Be5 56. Rc8 Ke6 57. Kb5 Kd7 58.
Rd8+ Ke7 59. c4 Rb3+ 60. Kc6 Rb8 61. Rxb8 Bxb8 62. Bc7 Ba7 63. Bb6 Bb8 64. c5
Bf4 65. Kb7 Ke6 66. c6 Kd5 67. Bc7 1-0